000 00758nam a22002057a 4500
999 _c20653
_d20653
003 AR-CdUCM
008 190601b ||||| |||| 00| 0 spa d
040 _aMUNICIPALIDAD PROVINCIAL DEL CUSCO
_cBIBLIOTECA MUNICIPAL DEL CUSCO
082 _a784.4974 /
_bM42
100 _aMendoza, Vicente T.
_95779
245 _aPanorama de la música tradicional de México /
260 _aMéxico, D.F :
_bImpr. Universitaria,
_c1956.
300 _a257 páginas;
_bPentagramas,
_c24 cm.
505 _aContenido: Desarrollo histórico de la música tradicional de México -- La música mexicana -- La música indígena...
650 _aMúsica popular mexicana
_943173
650 _aDanza
_96045
650 _aEscala
_943174
942 _2ddc
_cLIBROS
945 _aJavier